Aktivity a nástroje tvorby firemného imidžu
Na minha lista:
| Autor principal: | |
|---|---|
| Formato: | Capítulo de Livro |
| Idioma: | eslovaco |
| Tags: |
Sem tags, seja o primeiro a adicionar uma tag!
|
MARC
| LEADER | 00000naa a2200000 4500 | ||
|---|---|---|---|
| 001 | 0204410 | ||
| 005 | 20240502083513.6 | ||
| 041 | 0 | |a slo | |
| 044 | |a CZ | ||
| 245 | 1 | 0 | |a Aktivity a nástroje tvorby firemného imidžu |c Eva Hanuláková |
| 100 | 1 | |a Hanuláková, Eva, 1964- | |